Study of influence of selected parameters on the recovery of pesticides by dispersive liquid-liquid microextraction from liquid samples with some content of alcohol bachelor thesis
Enregistré dans:
| Auteur principal: | |
|---|---|
| Format: | Livre |
| Langue: | anglais |
| Publié: |
Bratislava
STU FCHPT
2016
|
| Accès en ligne: | Voir à l'OPAC |
| Tags: |
Pas de tags, Soyez le premier à ajouter un tag!
|
MARC
| LEADER | 00000nam a2200000 a 4500 | ||
|---|---|---|---|
| 005 | 20260127134307.0 | ||
| 008 | 160808 2016 000 0 eng d | ||
| 035 | |a vtls011571827 | ||
| 039 | 9 | |y 201608081300 |z mschk03 | |
| 040 | |a STUSCHK1 |b slo |c STUSCHK1 |e AACR2 | ||
| 100 | 1 | |a Kráľová, Veronika | |
| 245 | 1 | |a Study of influence of selected parameters on the recovery of pesticides by dispersive liquid-liquid microextraction from liquid samples with some content of alcohol |b bachelor thesis |c Veronika Kráľová | |
| 260 | |a Bratislava |b STU FCHPT |c 2016 | ||
| 300 | |a 59 s. |b il. |c 25 cm | ||
| 500 | |a Study programme: Chemistry, Medical Chemistry and Chemical Materials | ||
| 500 | |a Study field: chemistry, chemical technologies | ||
| 500 | |a Workplace: Institut of Analytical Chemistry | ||
| 500 | |a Reg.No.: FCHPT-13569-65134 | ||
| 910 | |a SCHK95 | ||
| 999 | |c 9022 |d 9022 | ||